Normal view
MARC view
- O, DONNELL CRYRIL,KOONTZ, HAROLD
Entry Personal Name
001 - CONTROL NUMBER
- control field: 80492
003 - CONTROL NUMBER IDENTIFIER
- control field: NUST
005 - DATE AND TIME OF LATEST TRANSACTION
- control field: 20210628210658.0
008 - FIXED-LENGTH DATA ELEMENTS
- fixed length control field: 210628|| aca||aabn | a|a d
040 ## - CATALOGING SOURCE
- Original cataloging agency: NUST
- Transcribing agency: NUST
100 ## - HEADING--PERSONAL NAME
- Personal name: O, DONNELL CRYRIL,KOONTZ, HAROLD
670 ## - SOURCE DATA FOUND
- Source citation: Work cat.: (NUST): O, DONNELL CRYRIL,KOONTZ, HAROLD, PRINCIPLES OF MANAGEMENT AN ANALYSIS OF MANAGERICAL FUNCTIONS, 1964
